|
|
|
|
| LEADER |
00000nam a2200000 a 4500 |
| 001 |
vtls001284373 |
| 003 |
SK-MaSNL |
| 005 |
20260302065739.0 |
| 008 |
970422s1957 xx 0 und |
| 035 |
|
|
|a SNK000235865
|
| 040 |
|
|
|a SNK
|b slo
|c SNK
|e AACR2
|
| 100 |
1 |
|
|a Pechar, Jiří,
|d 1930-
|4 aut
|9 223646
|
| 245 |
1 |
|
|a Statický výpočet plnostěnných železničních mostů
|
| 260 |
|
|
|a Praha
|b Státní nakladatelství technické literatury
|c 1957
|
| 300 |
|
|
|a 92 s.
|
| 999 |
|
|
|c 1143702
|d 1145632
|
| 952 |
|
|
|t P60, <04>, [BOOK], {604}
|a SNK
|b SNK
|y VYP
|7 0
|p 17A0062137
|o snkIB 6719
|0 0
|1 0
|4 0
|d 1997-04-22
|l 0
|r 2005-01-02 00:00:00
|w 2026-02-24
|